MARC

LEADER 00000nam0a2200000 4500
001 266234
005 20231101234002.0
020 |a RU  |b 86-78524 
035 |a (RuTPU)RU\TPU\book\289240 
090 |a 266234 
100 |a 20140704d1986 k y0rusy5003 ca 
101 0 |a rus 
102 |a RU 
105 |a a z 001zy 
200 1 |a Гранитизация, магматизм, рудообразование  |f А. Г. Давыдченко 
210 |a Москва  |c Недра  |d 1986 
215 |a 144 с.  |c ил. 
320 |a Библиогр.: с. 141-142 
606 1 |a Рудообразование  |x Генезис  |2 stltpush  |3 (RuTPU)RU\TPU\subj\26039  |9 50055 
610 1 |a ультраметаморфизм 
610 1 |a гранитизация 
610 1 |a метаморфизм 
610 1 |a магмообразование 
610 1 |a минералообразование 
610 1 |a метасоматоз 
610 1 |a лазуриты 
610 1 |a флогопиты 
610 1 |a месторождения 
675 |a 553.2.06  |v 4 
700 1 |a Давыдченко  |b А. Г.  |g Анатолий Георгиевич  |4 070 
801 0 |a RU  |b RuMRKP  |c 19950704  |g psbo 
801 1 |a RU  |b 63413507  |c 20140704 
801 2 |a RU  |b 63413507  |c 20170216  |g RCR 
942 |c BK